A contemporary critique of historical materialism
Αποθηκεύτηκε σε:
| Κύριος συγγραφέας: | |
|---|---|
| Μορφή: | Βιβλίο |
| Γλώσσα: | English |
| Δημοσίευση: |
Cambridge :
Polity ,
1989
|
| Θέματα: | |
| Ετικέτες: |
Προσθήκη ετικέτας
Δεν υπάρχουν, Καταχωρήστε ετικέτα πρώτοι!
|
MARC
| LEADER | 00000nam a2200000 i 4500 | ||
|---|---|---|---|
| 001 | 1/66163 | ||
| 008 | 931019s1989 eng d | ||
| 020 | |a 0-7456-0032-8 | ||
| 035 | |a ΛΕΣΒΟΣb10001679 |l 10001679 | ||
| 040 | |a GR-MY-UA |b gre |e aacr | ||
| 041 | 0 | |a eng | |
| 082 | 0 | |a 335.4119 | |
| 100 | 1 | |a Giddens, Anthony. | |
| 245 | 1 | 2 | |a A contemporary critique of historical materialism / |c Anthony Giddens |
| 260 | |a Cambridge : |b Polity , |c 1989 | ||
| 300 | |a 399 p.; |c 23 cm. | ||
| 504 | |a Includes bibliographical references and index | ||
| 505 | 0 | |a Contents: v.2. The nation-state and violence | |
| 650 | 0 | 0 | |a Historical materialism. |
| 852 | |a INST |b LESVOS |e 19931019 |h 335.4119 GID |p 005100004250 |q 005100004250 |t BK |y 0 | ||
| 909 | |a Λ |b 018780 | ||